000 01170cam a22003134a 4500
001 12916019
003 PILC
005 20190703142119.0
008 020904s2002 nyua b 001 0 eng
010 _a 2002510417
020 _a9780071362856
040 _aDLC
_cDLC
_dDLC
042 _apcc
050 0 0 _aTK 5105.5
_b.T622 2002
082 0 0 _aCSF 004.6
_bT53 2002
100 1 _aTittel, Ed.
_94620
245 1 0 _aSchaum's outlines of theory and problems of computer networking /
_cEd Tittel.
246 3 0 _aTheory and problems of computer networking
260 _aNew York :
_bMcGraw-Hill,
_c2002.
300 _a318 pages :
_billustration ;
_c28 cm.
490 0 _aSchaum's outline series
500 _aIncludes bibliographical references and index.
650 0 _aComputer networks
_vProblems, exercises, etc.
_94621
856 4 2 _3Contributor biographical information
_uhttp://www.loc.gov/catdir/bios/mh041/2002510417.html
856 4 2 _3Publisher description
_uhttp://www.loc.gov/catdir/description/mh031/2002510417.html
906 _a7
_bcbc
_corignew
_d2
_encip
_f20
_gy-gencatlg
942 _2lcc
_cBK
999 _c14242
_d14242